[Event "19th Albena Open"]
[Site "Albena BUL"]
[Date "2011.06.26"]
[Round "2.49"]
[White "Radulov,I"]
[Black "Gochev,P"]
[Result "0-1"]
[WhiteElo "2288"]
[BlackElo "1995"]

1.Nf3 Nf6 2.d4 e6 3.c4 d5 4.Nc3 c6 5.e3 Bd6 6.Bd3 Nbd7 7.O-O O-O 8.e4 dxc4
9.Bxc4 e5 10.h3 b5 11.Bd3 exd4 12.Nxd4 Ne5 13.Bc2 Bc5 14.Nb3 Bb6 15.a4 Be6
16.Bf4 Bxb3 17.Bxb3 Nd3 18.Bg5 b4 19.Bxf6 gxf6 20.Na2 Qd4 21.Qf3 Nxb2 22.Rab1 Rad8
23.Nxb4 Qxb4 24.Rxb2 Qd4 25.Rc2 Rd6 26.Rcc1 Qe5 27.h4 Rfd8 28.Rc3 Kf8 29.Bc2 Ba5
30.Rc4 Bc7 31.Qa3 Ke8 32.Rc5 Rd5 33.f4 Qd4+ 34.Kh1 Rxc5 35.e5 Rxc2 36.Qg3 Re2
37.Qg8+ Ke7 38.Qg7 Rf8 39.Qxf6+ Ke8 40.Qxc6+ Qd7 41.Qa8+ Ke7 42.Qf3 Qd2 43.Qc6 Qd7
44.Qc5+ Ke8 45.e6  0-1

[Event "49th National Challengers ch-IND"]
[Site "Aurangabad IND"]
[Date "2011.06.26"]
[Round "13"]
[White "Swapnil,SD"]
[Black "Shyam,SM"]
[Result "1/2-1/2"]
[WhiteElo "2425"]
[BlackElo "2457"]

1.d4 d5 2.c4 c6 3.Nc3 Nf6 4.e3 e6 5.Nf3 Nbd7 6.Qc2 Bd6 7.b3 O-O 8.Be2 b6
9.O-O Bb7 10.Bb2 Qe7 11.e4 dxe4 12.Nxe4 Nxe4 13.Qxe4 f5 14.Qh4 Qxh4 15.Nxh4 c5
16.Rad1 Rad8 17.Bf3 Bc8 18.Ba8 cxd4 19.Bxd4 Ne5 20.Nf3 Nxf3+ 21.Bxf3 Kf7
22.Bc3 Bc7 23.g3 e5 24.Bd5+ Be6 25.Bxe6+ Kxe6 26.Rde1 Rfe8 27.Bxe5 Bxe5 28.f4 Kf6
29.fxe5+ Rxe5 30.Rxe5 Kxe5 31.Re1+ Kf6 32.Re2 g5 33.Kf2 Rd3 34.Rc2  1/2-1/2

[Event "ch-NED"]
[Site "Boxtel NED"]
[Date "2011.06.26"]
[Round "1"]
[White "L'Ami,E"]
[Black "Smeets,J"]
[Result "1/2-1/2"]
[WhiteElo "2611"]
[BlackElo "2647"]

1.d4 d5 2.c4 c6 3.Nf3 Nf6 4.Nc3 e6 5.e3 Nbd7 6.Qc2 Bd6 7.Bd3 O-O 8.O-O dxc4
9.Bxc4 a6 10.Rd1 b5 11.Bd3 Qc7 12.Bd2 c5 13.Ne4 c4 14.Nxd6 Qxd6 15.Be2 Bb7
16.b3 Rfc8 17.bxc4 Be4 18.Qc3 bxc4 19.Qa5 Rab8 20.Rac1 Bd5 21.Ne5 Nxe5 22.dxe5 Qxe5
23.f3 c3 24.Rxc3 Rxc3 25.Qxc3 Qxc3 26.Bxc3 Bxa2 27.Rd2 Bd5 28.e4 Bc6 29.Bxa6 h6
30.Be2 Rb3 31.Rd8+ Kh7 32.Bd4 Bb5 33.Rb8 Bc4 34.Rxb3 Bxb3 35.Bb5 Nh5 36.g3 f6
37.Be8 e5 38.Bxe5 fxe5 39.Bxh5 g5 40.Kf2 Kg7 41.Ke3 Kf6 42.Kd3 Ke7 43.Kd2 Bc4
44.Bg4 Ba6 45.Bh3 Kd6 46.Ke3 Ke7 47.Kf2 Bc4 48.Bf1 Be6 49.Ke3 Bc8 50.Bc4 Bd7
51.f4 gxf4+ 52.gxf4 Kf6 53.Bd3 exf4+ 54.Kxf4 Be6 55.Be2 Bd7 56.Bc4 Bc8 57.e5+ Ke7
58.Kg3 Bf5 59.Bd5 Bd7 60.Kh4 Be6 61.Bf3 Bf5 62.Kg3 Be6 63.Bg4 Bf7 64.Kf4 Bg6
65.Bc8 Bc2 66.Kg4 Bg6 67.Bf5 Bf7  1/2-1/2

[Event "1st Torre delle Stelle Open A"]
[Site "Cagliari ITA"]
[Date "2011.06.26"]
[Round "7"]
[White "Markos,J"]
[Black "Shytaj,L"]
[Result "1/2-1/2"]
[WhiteElo "2568"]
[BlackElo "2494"]

1.d4 d5 2.c4 c6 3.Nc3 Nf6 4.e3 e6 5.Nf3 Nbd7 6.Qc2 Bd6 7.g4 h6 8.h3 b5 9.cxb5 c5
10.Bg2 Bb7 11.O-O Rc8 12.Qe2 h5 13.g5 Ne4 14.h4 Bb8 15.Nxe4 dxe4 16.Nd2 Qc7
17.f4 exf3 18.Nxf3 O-O 19.Bd2 cxd4 20.exd4 Qg3 21.Bc3 e5 22.Qf2 Qg4 23.Nh2 Qxg2+
24.Qxg2 Bxg2 25.Kxg2 exd4 26.Bxd4 Ne5 27.Rad1 Rfd8 28.Bc3 Nc4 29.Rxd8+ Rxd8
30.Re1 Nxb2 31.Bxb2 Rd2+ 32.Kf3 Rxb2 33.Re8+ Kh7 34.Rxb8 Rxh2 35.Ra8 Rxa2
36.b6 Rb2 37.bxa7 Ra2 38.Ke4  1/2-1/2

[Event "HSG Open"]
[Site "Hilversum NED"]
[Date "2011.06.26"]
[Round "5"]
[White "Epishin,V"]
[Black "Wieringa,Helmer"]
[Result "1-0"]
[WhiteElo "2562"]
[BlackElo "2076"]

1.d4 d5 2.c4 c6 3.Nc3 Nf6 4.e3 e6 5.Nf3 a6 6.b3 b5 7.Bd3 Nbd7 8.O-O Bb7 9.Qe2 Bd6
10.e4 dxe4 11.Nxe4 Nxe4 12.Qxe4 h6 13.Re1 Nf6 14.Qh4 Qc7 15.Ne5 Bb4 16.Re2 O-O-O
17.Bb2 bxc4 18.bxc4 c5 19.a3 Ba5 20.d5 exd5 21.cxd5 Nxd5 22.Nc4 Bc3 23.Bxc3 Nxc3
24.Re7 Qc6 25.Bf5+ Kb8 26.Qg3+ Ka8 27.Rae1 Rhe8 28.Rxe8 Rxe8 29.Rxe8+  1-0

[Event "SCCF Candidates"]
[Site "Los Angeles USA"]
[Date "2011.06.26"]
[Round "3"]
[White "Kudryavtsev,V"]
[Black "Xia,Yusheng"]
[Result "1/2-1/2"]
[WhiteElo "2104"]
[BlackElo "2088"]

1.d4 d5 2.c4 c6 3.Nf3 Nf6 4.Nc3 e6 5.e3 Nbd7 6.Bd3 dxc4 7.Bxc4 b5 8.Bd3 a6
9.e4 c5 10.d5 exd5 11.e5 Ng4 12.Bg5 f6 13.exf6 Ngxf6 14.Nxd5 Be7 15.Nxe7 Qxe7+
16.Be2 O-O 17.O-O Bb7 18.Re1 Qf7 19.b3 Ne4 20.Qc1 Nxg5 21.Qxg5 Rae8 22.Qh4 Qf6
23.Qxf6 Nxf6 24.a4 b4 25.Bc4+ Bd5 26.Ne5 Bxc4 27.Nxc4 Rxe1+ 28.Rxe1 Rd8 29.g3 Rd3
30.Na5 Kf7 31.Kf1 Nd5 32.Re5 Rd1+ 33.Ke2 Nc3+ 34.Ke3 Rd5 35.Rxd5 Nxd5+ 36.Kd3 Nb6
37.Nc4 Nd7 38.Nd6+ Ke6 39.Ne8 Ne5+ 40.Kc2 g6 41.h3 Ke7 42.Nc7 Kd6 43.Ne8+ Ke7
44.f4 Nd7 45.Nc7 Kd6 46.Ne8+ Ke7  1/2-1/2

[Event "TCh-SUI 2011"]
[Site "Switzerland SUI"]
[Date "2011.06.26"]
[Round "5.8"]
[White "Toth,Be1"]
[Black "Preissmann,E"]
[Result "1-0"]
[WhiteElo "2347"]
[BlackElo "2305"]

1.d4 d5 2.c4 e6 3.Nc3 c6 4.e3 Nf6 5.Nf3 Nbd7 6.Bd3 dxc4 7.Bxc4 b5 8.Bd3 a6
9.e4 c5 10.e5 cxd4 11.Nxb5 Ng4 12.Qa4 Bb7 13.Nbxd4 Qb6 14.O-O Bc5 15.h3 Bxf3
16.hxg4 Bd5 17.Nf3 Qb7 18.Qf4 f6 19.exf6 gxf6 20.Re1 O-O 21.Be4 Ne5 22.Bxd5 exd5
23.Nxe5 fxe5 24.Qg5+ Qg7 25.Qxg7+ Kxg7 26.Be3 d4 27.Bd2 d3 28.Be3 Rac8 29.Rad1 Rfd8
30.Bxc5 Rxc5 31.Re3 Rcd5 32.Rd2 Kf6 33.f3 Rd4 34.Kf2 R8d5 35.Re4 Rxe4 36.fxe4 Rd7
37.Ke3 Rg7 38.Rxd3 Rxg4 39.Kf3 Rf4+ 40.Ke3 Rg4 41.Rd6+ Ke7 42.Rxa6 Rxg2 43.b4 h5
44.Kd3 h4 45.a4 Rb2 46.Kc4 Rd2 47.Rh6 Rd4+ 48.Kc5 Rxe4 49.a5 Kd7 50.a6 Re1
51.a7 Ra1 52.Rh8  1-0

[Event "64th ch-RUS HL"]
[Site "Taganrog RUS"]
[Date "2011.06.26"]
[Round "11"]
[White "Khismatullin,D"]
[Black "Reshetnikov,Al"]
[Result "1/2-1/2"]
[WhiteElo "2656"]
[BlackElo "2487"]

1.d4 d5 2.c4 c6 3.Nc3 Nf6 4.e3 e6 5.Nf3 a6 6.b3 Bb4 7.Bd2 Nbd7 8.g3 O-O 9.Bg2 b6
10.O-O Qe7 11.Ne1 a5 12.cxd5 cxd5 13.a4 Ba6 14.Nb5 Ne4 15.Bxb4 axb4 16.Nd3 Ndf6
17.f3 Nc3 18.Nxc3 bxc3 19.Rf2 Bxd3 20.Qxd3 Qb4 21.Rb1 Rfc8 22.Bf1 Ne8 23.Qd1 Nd6
24.Bd3 b5 25.Ra2 g6 26.Rba1 Rab8 27.a5 Rc7 28.a6 Ra7 29.Qc2 Rb6 30.Qc1 Qxb3
31.Ra3 Qb2 32.Qd1 Nc4 33.R3a2 Qb4 34.Qc1 Nb2 35.Be2 Na4 36.Bxb5 Qxb5 37.Rxa4 Qd3
38.R4a2 Kg7 39.Rc2 Rb3 40.Kf2 h5 41.h4 Qc4 42.Qf1 Qc6 43.Qd3 Rb2 44.Ra3 Rxa6
45.Rxa6 Rxc2+ 46.Qxc2 Qxa6 47.Qxc3 Qa2+ 48.Kf1 Qh2 49.Qc7  1/2-1/2

[Event "TCh-TUR 2011"]
[Site "Konya TUR"]
[Date "2011.06.28"]
[Round "1"]
[White "Arutinian,D"]
[Black "Galkin,A"]
[Result "1/2-1/2"]
[WhiteElo "2564"]
[BlackElo "2598"]

1.d4 d5 2.c4 e6 3.Nf3 Nf6 4.Nc3 c6 5.e3 Nbd7 6.Qc2 Bd6 7.b3 O-O 8.Be2 b6
9.O-O Bb7 10.Bb2 Qe7 11.Rfe1 Rfe8 12.Rad1 Bb4 13.Bd3 h6 14.h3 Rac8 15.a3 Bxa3
16.Bxa3 Qxa3 17.Ra1 Qd6 18.Rxa7 Qb8 19.Raa1 c5 20.Qe2 e5 21.dxe5 Nxe5 22.Nxd5 Nxd5
23.cxd5 Bxd5 24.Nxe5 Qxe5 25.Bc4 Ra8 26.Rxa8 Rxa8 27.Rd1 Bxc4 28.Qxc4 Ra1
29.Rxa1 Qxa1+ 30.Kh2 Qe5+ 31.Kg1 Qa1+ 32.Kh2 Qe5+ 33.Kg1 Qa1+ 34.Kh2 Qe5+
35.Kg1  1/2-1/2

[Event "V4 IM/WGM tournament Liptov 2011"]
[Site "Liptovsky Mikulas SVK"]
[Date "2011.06.28"]
[Round "8"]
[White "Kantorik,M"]
[Black "Caletka,R"]
[Result "1-0"]
[WhiteElo "2312"]
[BlackElo "2357"]

1.d4 d5 2.c4 c6 3.Nf3 Nf6 4.Nc3 e6 5.e3 Nbd7 6.Bd3 dxc4 7.Bxc4 b5 8.Be2 Bb7
9.O-O Be7 10.e4 b4 11.e5 bxc3 12.exf6 Bxf6 13.bxc3 c5 14.dxc5 O-O 15.Be3 Be7
16.Qb3 Qc7 17.Bf4 Qc8 18.c6 Bxc6 19.Nd4 Nc5 20.Nxc6 Qxc6 21.Qc4 Rac8 22.Be3 Bf6
23.Rac1 Qa4 24.Qb4 Qc6 25.Rfd1 Rfd8 26.Rxd8+ Bxd8 27.h3 Bf6 28.Bd4 Be7 29.Rb1 Qc7
30.Qb5 e5 31.Bg4 Rd8 32.Be3 Bd6 33.Qc4 a6 34.Be2 Bf8 35.Bf3 Qa5 36.Bd5 Ne6
37.Bxe6 fxe6 38.Qxe6+ Kh8 39.Bb6 Qd5 40.Qxd5 Rxd5 41.c4 Rd2 42.Be3 Rd8 43.Rb6 Ra8
44.Re6 Kg8 45.Rxe5 Rc8 46.c5 Kf7 47.Re4 Be7 48.Kf1 Rb8 49.Ra4 Ra8 50.Ke2 Ke6
51.Re4+ Kd5  1-0

[Event "AAI GM"]
[Site "New Delhi IND"]
[Date "2011.06.28"]
[Round "6"]
[White "Sasikiran,K"]
[Black "So,W"]
[Result "1/2-1/2"]
[WhiteElo "2676"]
[BlackElo "2667"]

1.d4 d5 2.Nf3 Nf6 3.c4 c6 4.Nc3 e6 5.e3 Nbd7 6.Qc2 Bd6 7.Bd3 O-O 8.O-O dxc4
9.Bxc4 a6 10.Rd1 b5 11.Bf1 Qc7 12.e4 e5 13.g3 c5 14.dxe5 Nxe5 15.Nxe5 Bxe5
16.a4 Bg4 17.Re1 b4 18.Nd5 Nxd5 19.exd5 Rfe8 20.Be3 Bd6 21.Rec1 Qd7 22.Qd2 Qe7
23.Rc4 Bf3 24.Rac1 Rac8 25.Qd3 Be4 26.Rxe4 Qxe4 27.Qxe4 Rxe4 28.Bxa6 Ra8
29.Bb5 b3 30.Kg2 c4 31.Bc6 Ra6 32.Bb5 Ra8 33.Kf3 f5 34.Bc6 Ra6 35.Bb5 Ra8
36.Bd2 Be5 37.Bc3 Bxc3 38.Rxc3 Kf8 39.d6 Rd8 40.d7 g5 41.h3 h5 42.Bc6 g4+
43.hxg4 hxg4+ 44.Kg2 Rd4 45.Re3 Kf7 46.a5 R8xd7 47.Bxd7 Rxd7 48.Re5 Kf6 49.Rc5 Rd2
50.Rxc4  1/2-1/2

[Event "Kheireddine Ameyar Memorial"]
[Site "Tipaza ALG"]
[Date "2011.06.28"]
[Round "5"]
[White "Belouadah,S"]
[Black "Haddad ,Oussama"]
[Result "1-0"]
[WhiteElo "2326"]
[BlackElo "2006"]

1.d4 Nf6 2.Nf3 e6 3.c4 d5 4.Nc3 c6 5.e3 Nbd7 6.b3 Bb4 7.Bd2 O-O 8.a3 Be7
9.Bd3 Qc7 10.O-O e5 11.cxd5 exd4 12.Nxd4 Nxd5 13.Nxd5 cxd5 14.Nf5 Bf6 15.Rc1 Qb6
16.Bb4 Rd8 17.Bd6 Be5 18.Ne7+ Kh8 19.Qh5 f5 20.Qxf5 Nf6 21.Nxc8 Raxc8 22.Bxe5 Rxc1
23.Bxf6 Rxf1+ 24.Kxf1  1-0

[Event "Ladislava Kotana Mem"]
[Site "Kosice SVK"]
[Date "2011.06.29"]
[Round "6"]
[White "Odnorozhenko,E"]
[Black "Zambor,N"]
[Result "1/2-1/2"]
[WhiteElo "2319"]
[BlackElo "2280"]

1.d4 d5 2.c4 e6 3.Nc3 c6 4.e3 Nf6 5.Nf3 Nbd7 6.a4 Bd6 7.Qc2 O-O 8.Bd3 Re8
9.O-O h6 10.a5 e5 11.cxd5 cxd5 12.Nb5 Bb8 13.dxe5 Nxe5 14.Nxe5  1/2-1/2

[Event "XIX Open A"]
[Site "Montcada i Reixac ESP"]
[Date "2011.06.29"]
[Round "5"]
[White "Peralta,Fe"]
[Black "Delgado Ramos,H"]
[Result "1-0"]
[WhiteElo "2608"]
[BlackElo "2480"]

1.d4 d5 2.c4 c6 3.Nf3 Nf6 4.Nc3 e6 5.e3 Nbd7 6.Bd3 dxc4 7.Bxc4 b5 8.Bd3 a6
9.e4 c5 10.d5 Qc7 11.O-O c4 12.Bc2 Bb7 13.dxe6 fxe6 14.Ng5 Nc5 15.Be3 Bd6
16.Bxc5 Qxc5 17.Nxe6 Qe5 18.Nxg7+ Kf7 19.f4 Qc5+ 20.Kh1 Kxg7 21.e5 Bxe5 22.fxe5 Qxe5
23.Rf5 Qe3 24.Rxf6 Kxf6 25.Qd6+ Kg5 26.Ne4+ Bxe4 27.Qe7+ Kh6 28.Bxe4 Raf8
29.Qh4+ Kg7 30.Qg4+ Kh6 31.Qh4+ Kg7 32.Rd1 Rf7 33.Qg4+ Kf8 34.Rd8+ Ke7 35.Qd7+ Kf6
36.Qf5+ Kg7 37.Qe5+  1-0

[Event "7th A Ermaka Memorial"]
[Site "Zaporizhzhia UKR"]
[Date "2011.06.30"]
[Round "8.21"]
[White "Liakhov,Gennady"]
[Black "Kovalenko,Ale"]
[Result "1-0"]
[WhiteElo "2096"]
[BlackElo "2157"]

1.c4 Nf6 2.Nc3 e6 3.d4 d5 4.e3 c6 5.Nf3 Nbd7 6.Bd3 Bd6 7.O-O O-O 8.h3 Re8
9.Qc2 dxc4 10.Bxc4 b5 11.Bd3 Bb7 12.Ng5 h6 13.Nge4 Be7 14.Nxf6+ Nxf6 15.Ne4 Nxe4
16.Bxe4 Qb6 17.Bd2 a5 18.Rfc1 Rec8 19.a3 c5 20.Bxb7 Qxb7 21.dxc5 Rxc5 22.Qd3 Rd8
23.Qxd8+ Bxd8 24.Rxc5 Qd7 25.Rc2 e5 26.Rac1 Kh7 27.Bc3 f6 28.Rd2 Qc8 29.Rcd1 Bb6
30.Rd6 Qc7 31.Rd7 Qc4 32.Rb7 b4 33.axb4 axb4 34.Rxb6 bxc3 35.bxc3 Qxc3 36.Rb7 h5
37.g3 e4 38.Rdd7 Qe1+ 39.Kg2 Qe2 40.Rxg7+ Kh6 41.Rh7+ Kg5 42.Rbg7+ Kf5 43.Rd7 Qf3+
44.Kg1 Kg6 45.Rh8 Qf5 46.Rg8+ Kh6 47.Rd4 Qf3 48.h4 Kh7 49.Re8 f5 50.Re6 Kg7
51.Rd7+ Kf8 52.Re5 f4 53.exf4  1-0

[Event "19th Albena Open"]
[Site "Albena BUL"]
[Date "2011.07.01"]
[Round "7.44"]
[White "Olarasu,G"]
[Black "Ninov,D"]
[Result "1-0"]
[WhiteElo "2266"]
[BlackElo "2090"]

1.d4 d5 2.c4 c6 3.Nc3 Nf6 4.e3 e6 5.Nf3 Nbd7 6.Qc2 Bd6 7.b3 Qe7 8.Be2 O-O
9.O-O Re8 10.Bb2 dxc4 11.bxc4 e5 12.Rfe1 e4 13.Nd2 Nf8 14.h3 Ng6 15.a4 Nh4
16.Bf1 Bf5 17.g3 Bb8 18.Qd1 Qd7 19.Kh2 Bg4 20.hxg4 Nxg4+ 21.Kg1 Qf5 22.Ncxe4 Rxe4
23.Nxe4 Qxe4 24.Bh3 Nf3+ 25.Kf1 Ngh2+ 26.Ke2 Nxe1 27.Qxe1 Qc2+ 28.Qd2 Qxc4+
29.Qd3 Qd5 30.Qf5 Qc4+ 31.Kd2 Bd6 32.Bc3 Bb4 33.Bxb4 Qxb4+ 34.Kc2 Qc4+ 35.Kd2 g6
36.Qd3 Qb4+ 37.Qc3 Nf3+ 38.Kc2 Qd6 39.Rb1 Ng5 40.Bg2 Qf6 41.f4 Qf5+ 42.Qd3 Qe6
43.fxg5 Qa2+ 44.Rb2 Qxa4+ 45.Qb3 Qa5 46.Qxb7 Re8 47.Qxc6 Rd8 48.Qc3 Qxg5
49.e4 Qg4 50.Qe3 h5 51.Bf1 Rc8+ 52.Kd2 Re8 53.Bd3 Qh3 54.Rb5 Qh2+ 55.Be2 Qg2
56.Qf3 Qg1 57.Rb7 Qxd4+ 58.Bd3 Rf8 59.Qe3 Qa4 60.Qxa7 Qc6 61.Rb8 Qd6 62.Rxf8+ Kxf8
63.Qe3 Qb4+ 64.Ke2 Qb2+ 65.Kf1 Qe5 66.Bc4 Kg7 67.Qf4 Qa1+ 68.Kg2 Qb2+ 69.Kh3 Qb7
70.Qe5+ Kg8 71.Qd5 Qe7 72.e5 Kg7 73.Qd6 Qg5 74.Qd4 Qf5+ 75.Kg2 Kg8 76.Qf4 Qd7
77.Qf6 Qb7+ 78.Kh2 Qc7 79.Qxg6+  1-0

[Event "AAI GM"]
[Site "New Delhi IND"]
[Date "2011.07.01"]
[Round "9"]
[White "Sasikiran,K"]
[Black "Negi,P"]
[Result "1/2-1/2"]
[WhiteElo "2676"]
[BlackElo "2622"]

1.d4 d5 2.c4 c6 3.Nf3 Nf6 4.Nc3 e6 5.e3 Nbd7 6.Qc2 Bd6 7.Bd3 O-O 8.O-O dxc4
9.Bxc4 b5 10.Bd3 Bb7 11.e4 e5 12.h3 Re8 13.Rd1 Qc7 14.dxe5 Nxe5 15.Nxe5 Bxe5
16.Be3 a6 17.a4 Rac8 18.Rac1 Qe7 19.f3 Bb8 20.Qf2 g6 21.Ne2 Nd7 22.b3 bxa4
23.bxa4 c5 24.Ng3 Ne5 25.Bc4 Nxc4 26.Rxc4 f5 27.f4 Bxe4 28.Nxe4 fxe4 29.Rxc5 Rxc5
30.Bxc5 e3 31.Bxe3 Qxe3 32.Qxe3 Rxe3 33.Rd8+ Kg7 34.Rxb8 Re4 35.Rb7+ Kg8
36.a5 Ra4 37.Kh2 Rxa5 38.Kg3 g5 39.Kg4 gxf4 40.Kxf4 h5 41.g4 hxg4 42.hxg4 Rb5
43.Ra7 Rb4+ 44.Kf5 Rb5+ 45.Kg6 Rb6+ 46.Kh5 Rb5+ 47.g5 Rb6 48.g6  1/2-1/2

[Event "39th World Open"]
[Site "Philadelphia USA"]
[Date "2011.07.01"]
[Round "2"]
[White "Coleman,T"]
[Black "Ulrich,Tommy"]
[Result "1/2-1/2"]
[WhiteElo "2262"]
[BlackElo "2098"]

1.d4 d5 2.c4 e6 3.Nc3 c6 4.e3 Nf6 5.Nf3 Nbd7 6.Qc2 Bd6 7.Bd3 dxc4 8.Bxc4 b5
9.Be2 O-O 10.O-O Bb7  1/2-1/2

[Event "39th World Open"]
[Site "Philadelphia USA"]
[Date "2011.07.01"]
[Round "3"]
[White "Bluvshtein,M"]
[Black "Hungaski,R"]
[Result "1/2-1/2"]
[WhiteElo "2589"]
[BlackElo "2452"]

1.d4 d5 2.c4 c6 3.e3 Nf6 4.Nc3 e6 5.Nf3 Nbd7 6.Qc2 Bd6 7.g4 h6 8.h3 b5 9.cxb5 c5
10.Rg1 Bb7 11.Bd2 Rc8 12.Bd3 cxd4 13.Nxd4 Ne5 14.O-O-O Ne4 15.Be1 Nxd3+ 16.Qxd3 Bb4
17.Ne2 O-O 18.Kb1 Qb6 19.f3 Ng5 20.Rg3 e5 21.f4 d4 22.fxg5 dxc3 23.Nxc3 Rfd8
24.Qe2 Rxd1+ 25.Qxd1 hxg5 26.Ka1 a6 27.bxa6 Qxa6 28.Rg1 Ra8 29.Qb3 Bc5 30.Bd2 Bc6
31.Rc1 Rd8 32.Qc2 Bb4 33.e4 Ra8 34.Qb3 Bxc3 35.Bxc3 Bd7 36.a3 Be6 37.Qb4 Rc8
38.Bd2 Rxc1+ 39.Bxc1 Qc6 40.Qc3 Qxe4 41.Bxg5 f6 42.Bd2 Qh1+ 43.Bc1 Qd5 44.Kb1 Qe4+
45.Ka1 Qd5 46.Kb1 g5 47.Bd2 Qa2+ 48.Kc1 Bf7 49.b4 Bg6 50.Be1 Qb1+ 51.Kd2 Qa2+
52.Kc1 Qb1+ 53.Kd2 Qa2+ 54.Kc1  1/2-1/2

[Event "39th World Open"]
[Site "Philadelphia USA"]
[Date "2011.07.01"]
[Round "3"]
[White "Van Wely,L"]
[Black "Amanov,M"]
[Result "1-0"]
[WhiteElo "2675"]
[BlackElo "2509"]

1.c4 e6 2.Nc3 d5 3.d4 c6 4.Nf3 Nf6 5.e3 Nbd7 6.Qc2 Bd6 7.Bd3 O-O 8.O-O dxc4
9.Bxc4 a6 10.Rd1 b5 11.Bd3 Qc7 12.Bd2 c5 13.Ne4 c4 14.Nxd6 Qxd6 15.Be2 Bb7
16.b3 Rfc8 17.Qb2 Rab8 18.Rdc1 Bd5 19.Ba5 Ne4 20.Ne1 f5 21.f3 Nef6 22.Nc2 g5
23.Be1 Rb6 24.bxc4 Bxc4 25.Na3 Nd5 26.e4 fxe4 27.fxe4 Nf4 28.Bf1 Rbc6 29.Bb4 Qb8
30.Nxc4 bxc4 31.Qa3 Qa7 32.Qg3 Qxd4+ 33.Kh1 Qxe4 34.Qxg5+ Ng6 35.Bc3 Qf5
36.Qh6 e5 37.Rab1 Nf4 38.Qh4 Nf6 39.Rb7 Ng6 40.Qh6 Nd7 41.g4 Qxg4 42.Bh3 Qf3+
43.Bg2 Qd3 44.Bxc6 Rxc6 45.Qg5 Nc5 46.Rb8+ Kf7 47.Kg1 Ne6 48.Qg2 Rc7 49.Rf1+ Nef4
50.Qg3 Qf5 51.Kh1 Rd7 52.Qf3 Kg7 53.Re8 Qd3 54.Rxe5 Kg8 55.Re8+ Kf7 56.Re3 Qd5
57.Qxd5+ Rxd5 58.Re4 Rf5 59.Bd2 c3 60.Bxf4 c2 61.Kg1 Nxf4 62.Rexf4  1-0

[Event "Nova College Chess Tournament"]
[Site "Haarlem NED"]
[Date "2011.07.02"]
[Round "4"]
[White "Van Beek,Al"]
[Black "Neelotpal,D"]
[Result "0-1"]
[WhiteElo "2324"]
[BlackElo "2453"]

1.d4 d5 2.c4 c6 3.Nf3 Nf6 4.Nc3 e6 5.e3 Nbd7 6.Qc2 b6 7.Be2 Bb7 8.O-O Be7
9.b3 O-O 10.Bb2 Rc8 11.Rad1 Qc7 12.e4 Nxe4 13.Nxe4 dxe4 14.Qxe4 Nf6 15.Qb1 c5
16.dxc5 bxc5 17.Ng5 h6 18.Bxf6 hxg5 19.Bxe7 Qxe7 20.Qd3 Rcd8 21.Qe3 e5 22.Rxd8 Rxd8
23.Rd1 Rd4 24.f3 a5 25.Rxd4 cxd4 26.Qd2 g4 27.Qxa5 gxf3 28.Bxf3 e4 29.Bd1 e3
30.Bc2 e2 31.Qe1 Qe3+ 32.Kh1 d3  0-1

[Event "TCh-TUR 2011"]
[Site "Konya TUR"]
[Date "2011.07.02"]
[Round "5"]
[White "Mirzoev,A"]
[Black "Karakehajov,K"]
[Result "0-1"]
[WhiteElo "2481"]
[BlackElo "2493"]

1.d4 d5 2.c4 e6 3.Nc3 c6 4.e3 Nf6 5.Nf3 Nbd7 6.b3 Be7 7.Bb2 O-O 8.Bd3 b6
9.O-O Bb7 10.Qe2 Qc7 11.Rac1 Rad8 12.cxd5 exd5 13.Ba6 Rfe8 14.Bxb7 Qxb7 15.Rc2 Bd6
16.Rfc1 Rc8 17.Qf1 Nf8 18.Nb1 Ng6 19.Ba3 Bb8 20.Nc3 Ng4 21.Qd3 Qd7 22.Ne2 f5
23.g3 Nf6 24.Nf4 Ne4 25.Bb2 Nf8 26.a4 g5 27.Ng2 Ng6 28.a5 b5 29.Qd1 g4 30.Nd2 Ng5
31.Nf4 Bxf4 32.exf4 Nh3+ 33.Kg2 Qe6 34.Ba3 Nhxf4+ 35.gxf4 Nxf4+ 36.Kh1 b4
37.Bb2 Qh6 38.Qf1 Re2 39.Nb1 Rce8 40.Rxc6 Qh3 41.Qxh3 Nxh3 42.Ba1 Nxf2+ 43.Kg1 Nh3+
44.Kh1 f4 45.Rc8 Rxc8 46.Rxc8+ Kg7 47.Rc1 g3  0-1

[Event "39th World Open"]
[Site "Philadelphia USA"]
[Date "2011.07.02"]
[Round "4"]
[White "Mulyar,M"]
[Black "Veech,John"]
[Result "1-0"]
[WhiteElo "2399"]
[BlackElo "2108"]

1.d4 d5 2.c4 c6 3.Nc3 Nf6 4.e3 e6 5.Nf3 Nbd7 6.Bd3 dxc4 7.Bxc4 b5 8.Bd3 a6
9.e4 c5 10.d5 Qc7 11.O-O c4 12.Bc2 Bb7 13.Nd4 Nc5 14.Qe2 O-O-O 15.b4 Nd3
16.Bxd3 cxd3 17.Qxd3 exd5 18.e5 Qxe5 19.Nce2 Bd6 20.Bf4 Qe4 21.Qg3 Bxf4 22.Nxf4 Qe5
23.Rfe1 Ne4 24.Qe3 Qf6 25.Rac1+ Kb8 26.f3 Rhe8 27.Nh5 Qg6 28.fxe4 Rxe4 29.Qf2 Qxh5
30.Nc6+ Bxc6 31.Qb6+ Bb7 32.Qxd8+ Ka7 33.Rxe4 dxe4 34.Qd4+ Ka8 35.Qd8+ Ka7
36.Qd4+ Ka8 37.Qxg7 Qe2 38.Qh8+ Ka7 39.Qd4+ Ka8 40.Qd8+ Ka7 41.Qd4+ Ka8 42.Qf2 Qd3
43.Re1 Qd5 44.a3 f5 45.Qe3 Qd6 46.Rf1 Qd5 47.Rc1 Qd6 48.g3 h5 49.Rf1 Qd5
50.Qc5 Qxc5+ 51.bxc5 Bc8 52.Rd1 Kb7 53.Rd6 h4 54.gxh4 f4 55.Rf6  1-0

[Event "19th Albena Open"]
[Site "Albena BUL"]
[Date "2011.07.03"]
[Round "9.21"]
[White "Paikidze,N"]
[Black "Aseeva,M"]
[Result "1-0"]
[WhiteElo "2408"]
[BlackElo "2199"]

1.d4 d5 2.c4 c6 3.Nf3 Nf6 4.Nc3 e6 5.e3 Nbd7 6.Qc2 Bd6 7.Bd3 dxc4 8.Bxc4 O-O
9.O-O e5 10.Ne4 Nxe4 11.Qxe4 Nf6 12.Qh4 exd4 13.exd4 Bf5 14.Re1  1-0

[Event "2nd Borloy Mem FSGM"]
[Site "Budapest HUN"]
[Date "2011.07.03"]
[Round "2.5"]
[White "Gavrilov,Al1"]
[Black "Feher,Ad"]
[Result "1-0"]
[WhiteElo "2481"]
[BlackElo "2323"]

1.d4 d5 2.c4 e6 3.Nc3 c6 4.e3 Nf6 5.Nf3 Nbd7 6.Qc2 Bd6 7.Bd3 O-O 8.O-O dxc4
9.Bxc4 b5 10.Bd3 Bb7 11.Rd1 a6 12.Ng5 h6 13.Nge4 Be7 14.Rb1 b4 15.Nxf6+ Nxf6
16.Na4 Nd7 17.e4 Qa5 18.Be3 Rac8 19.Rbc1 Rfd8 20.b3 Bf8 21.h3 Re8 22.f4 Rc7
23.Qf2 Rec8 24.Nb2 Qh5 25.f5 exf5 26.exf5 Be7 27.Bf4 Bh4 28.Qf1 Nf6 29.g4 Nxg4
30.Be2 Bf2+ 31.Kg2 c5+ 32.d5 Qxf5 33.Bxg4 Qxf4 34.Qxf2 Bxd5+ 35.Rxd5 Qxc1
36.Nd3 Qc3 37.Bxc8 Rxc8 38.Ne5 Rf8 39.Nxf7 c4 40.Rf5 Rb8 41.Rf3 Qc1 42.bxc4 Qxc4
43.Nxh6+ Kh7 44.Ng4 Rc8 45.Qh4+ Kg8 46.Qg5 Qe2+ 47.Rf2 Qe6 48.Nf6+ Kf7 49.Nh5+  1-0

[Event "2nd Borloy Mem FSGM"]
[Site "Budapest HUN"]
[Date "2011.07.03"]
[Round "2.3"]
[White "Lorscheid,G"]
[Black "Balazs,G2"]
[Result "1/2-1/2"]
[WhiteElo "2265"]
[BlackElo "2383"]

1.d4 d5 2.c4 e6 3.Nc3 c6 4.e3 Nf6 5.Nf3 Nbd7 6.Bd3 dxc4 7.Bxc4 b5 8.Bd3 Bd6
9.O-O O-O 10.e4 e5 11.Ne2 Re8 12.Bg5 a6 13.Qc2 c5 14.dxe5 Nxe5 15.Nxe5 Bxe5
16.f4 Bd4+ 17.Kh1 h6 18.Bh4 Qb6 19.Nxd4 cxd4 20.Bxf6 Qxf6 21.Rae1 Bb7 22.Qf2 Qe6
23.a3  1/2-1/2

[Event "2nd Borloy Mem FSGM"]
[Site "Budapest HUN"]
[Date "2011.07.03"]
[Round "2.2"]
[White "Szabo,Ben"]
[Black "Varga,Zo"]
[Result "1/2-1/2"]
[WhiteElo "2362"]
[BlackElo "2483"]

1.d4 d5 2.c4 c6 3.Nf3 Nf6 4.Nc3 e6 5.e3 b6 6.Bd3 Bb7 7.O-O Nbd7 8.e4 dxe4
9.Nxe4 Be7 10.Bf4 Nxe4 11.Bxe4 Nf6 12.Bc2 O-O 13.Qe2 c5 14.Rad1 Bxf3 15.Qxf3 cxd4
16.Be5 Bc5 17.b4 Bxb4 18.Rxd4 Qe7 19.Rh4 Rfd8 20.Bxh7+ Nxh7 21.Qh5 f6 22.Qxh7+ Kf8
23.Qh8+  1/2-1/2

[Event "10th La Fere Open"]
[Site "La Fere FRA"]
[Date "2011.07.03"]
[Round "2.37"]
[White "Biniaux,Michael"]
[Black "Donatini,Adrien"]
[Result "1-0"]
[WhiteElo "1720"]
[BlackElo "1471"]

1.d4 d5 2.c4 c6 3.e3 e6 4.Nc3 Nf6 5.Nf3 b6 6.cxd5 exd5 7.Bd3 Bd6 8.O-O O-O
9.Qc2 Ba6 10.Ne5 Bxd3 11.Nxd3 Ng4 12.h3 Qh4 13.e4 Nh2 14.e5 Nxf1 15.exd6 Ng3
16.fxg3 Qxg3 17.Bf4 Qh4 18.Ne2 Re8 19.Ne5 f6 20.d7 Rd8 21.Nxc6 Nxc6 22.Qxc6 Qh5
23.Nc3 Qf5 24.Re1 Qxd7 25.Qxd7 Rxd7 26.Nb5 a6 27.Nd6 Kf8 28.Rc1 Ke7 29.Nc8+ Kf7
30.Nxb6 g5 31.Bxg5 fxg5 32.Nxd7  1-0

[Event "39th World Open"]
[Site "Philadelphia USA"]
[Date "2011.07.03"]
[Round "6"]
[White "Golod,V"]
[Black "Yang,Dar"]
[Result "1-0"]
[WhiteElo "2592"]
[BlackElo "2432"]

1.d4 d5 2.c4 e6 3.Nf3 Nf6 4.Nc3 c6 5.e3 Nbd7 6.Qc2 b6 7.b3 Bb7 8.Be2 Rc8
9.O-O Be7 10.Rd1 Qc7 11.e4 dxe4 12.Nxe4 c5 13.Nxf6+ Nxf6 14.Bb2 O-O 15.dxc5 Qxc5
16.Bd4 Qc6 17.Ne1 Rfd8 18.Bf3 Qc7 19.Qe2 Bxf3 20.Nxf3 h6 21.Rd3 Bc5 22.Rad1 Be7
23.Ne5 Rd6 24.Ng4 Rcd8 25.Be5 Rxd3 26.Rxd3 Qc8 27.Rg3 Kf8 28.Nxf6 Bxf6 29.Bxf6 gxf6
30.Qh5 Qc5 31.Qxh6+ Ke7 32.Qc1 Rd4 33.h3 b5 34.Rg4 Rxg4 35.hxg4 bxc4 36.bxc4 Kd6
37.g3 Qd4 38.Qa3+ Ke5 39.c5 Qd1+ 40.Kh2 Qd2 41.Qf3 Qxa2 42.Qf4+ Kd5 43.Qxf6 a5
44.Qxf7 a4 45.g5  1-0

[Event "WCh-IPCA Open A"]
[Site "Piestany SVK"]
[Date "2011.07.03"]
[Round "2"]
[White "Melnik,G"]
[Black "Marievsky,M"]
[Result "0-1"]
[WhiteElo "2011"]
[BlackElo "2048"]

1.d4 Nf6 2.Nf3 d5 3.c4 c6 4.e3 e6 5.Nc3 Be7 6.Bd3 dxc4 7.Bxc4 b5 8.Bd3 a6
9.O-O Bb7 10.e4 c5 11.Re1 cxd4 12.Nxd4 O-O 13.Nb3 Nc6 14.Bf4 Nb4 15.Bf1 Qxd1
16.Raxd1 Rad8 17.f3 Rxd1 18.Rxd1 Rd8 19.Rxd8+ Bxd8 20.Kf2 Nc2 21.Bd3 Bb6+
22.Ke2 Nb4 23.Bb1 Nd7 24.a4 Nc6 25.axb5 axb5 26.Bd3 b4 27.Nb5 Nde5 28.Nc1 Ba6
29.Nd6 Nxd3 30.Nxd3 Bd4 31.Kd2 Bxd3 32.Kxd3 Bxb2 33.Nc4 Bf6 34.Nd2 Bc3 35.Nb3 f6
36.Bd6 Ne5+ 37.Kc2 Kf7 38.Nc5 Nc4 39.Bc7 Ne3+ 40.Kb3 Nxg2 41.Nd3 Nh4 42.Nxb4 Bxb4
43.Kxb4 Nxf3 44.Kc4 e5 45.h3 Ng1 46.h4 Kg6  0-1